• 首页
  • 本馆介绍
  • 公告通知
  • 最新文献
  • 馆藏检索
  • 电子资源
  • 读者导购
  • 参考咨询
  • 我的图书馆
  • 登录
  • 详细信息显示
  • 放入我的书架
  • 预约/预借图书
  • 作者相关作品
  • 分类相关作品
  • 丛书相关作品
  • 出版社相关作品

书目信息

  • 表格格式
  • 工作单格式
  • 卡片格式
题名:
中国第四纪研究
    
 
作者: ;中国第四纪研究委员会 编
分册: 第六卷  
出版信息: 北京   科学出版社  1985
页数: 206页
开本: 26cm
丛书名:
单 册:
中图分类: P534.63-53
科图分类:
主题词: 第四纪--中国--文集
电子资源:
ISBN:
000 00807nam0 2200253 45
001 0185010230
005 20061122112033.67
010    @dCNY3.15
091    @aCN@b13031.2929
100    @a19900918d1985 emky0chiy0121 ea
101 0  @achi
102    @aCN@b110000
105    @ay z 100yy
200 10 @a中国第四纪研究@Azhong guo di si ji yan jiu@dQuaternaria sinica@h第六卷@h第二期@f中国第四纪研究委员会编@zeng
210    @a北京@c科学出版社@d1985
215    @a206页@d26cm
300    @a参加国际第11届第四纪学术讨论会推荐学术论文汇编
510 1  @aQuaternaria sinica@zeng
606    @a第四纪@y中国@x文集
690    @aP534.63-53@v3
711 02 @a中国第四纪研究委员会@Azhong guo di si ji yan jiu wei yuan hui@4编
801  2 @aCN@bNLC@c20061122
801  0 @aCN@bTSSF
905    @a10447@dP534.63-53@e28:6(2)
    
    中国第四纪研究=Quaternaria sinica.第六卷.第二期/中国第四纪研究委员会编.-北京:科学出版社,1985
    206页;26cm
    参加国际第11届第四纪学术讨论会推荐学术论文汇编
    
    ISBN :CNY3.15
    
●
相关链接 在E读中查询图书 在五车中查询图书 在当当中查询图书 在豆瓣中查询图书


正题名:中国第四纪研究     索取号:P534.63-53/28:6(2)         预约/预借

序号 登录号 条形码 馆藏地/架位号 状态 备注
1 0140392   000073645   第二样本阅览室/ [索取号:P534.63-53/28:6(2)] 在馆    
唐山师范学院图书馆 欢迎您!
大连网信软件有限公司© 版权所有